00436nam a2200169Ia 4500003000400000005001700004008004100021020001400062040000700076041000800083082001900091100002600110245004900136260004500185300001800230650001800248OSt20230530145928.0210423s1992 xx 000 0 und d a333913736 cAL aeng a822. 33T1 SHAJ aSHAKESPEARE (William) aJulius caesar Ed by A W VeritycVERITY (A W) aLondonbCambridge University Pressc1992 axxxiv,209bPB aEnglish Drama